№ 1; Кабель-NEWS

Bibliographic Details
Parent link:Кабель-NEWS: Информационно-аналитическое издание. № 1.— , 2010-
Language:Russian
Published: 2012
Format: Book
KOHA link:https://koha.lib.tpu.ru/cgi-bin/koha/opac-detail.pl?biblionumber=469727

MARC

LEADER 00000nam2a2200000 4500
001 469727
005 20231101091242.0
035 |a (RuTPU)RU\TPU\prd\135083 
090 |a 469727 
100 |a 20120328a20099999k y0rusy50 ca 
101 0 |a rus 
102 |a RU 
200 0 |a № 1 
210 |d 2012 
461 1 |0 (RuTPU)RU\TPU\prd\77733  |t Кабель-NEWS  |o Информационно-аналитическое издание  |v № 1  |d 2010- 
801 0 |a RU  |b 63413507  |c 20010227  |g PSBO 
801 1 |a RU  |b 63413507  |c 20120328 
801 2 |a RU  |b 63413507  |c 20230504  |g RCR 
942 |c BK 
999 |a НТБ_ТПУ  |b НФ  |e -1/20120110  |p П-9460  |s 6/20110919  |u 0,00  |v 1